Loading...
Literature - American Literature | 0 | 3 | 0 | 0 | 30 | 109 | 128.67 | 0 | 0 |
Religion | 0 | 3 | 0 | 1 | 30 | 80 | 112.33 | 0 | 1 |
History - European History | 0 | 3 | 0 | 2 | 30 | 126 | 128.33 | 0 | 0 |
Mythology | 0 | 2 | 0 | 1 | 20 | 115 | 126.00 | 0 | 0 |
Geography/Current Events | 0 | 2 | 0 | 1 | 20 | 72 | 98.50 | 0 | 1 |
Literature - European Literature | 0 | 2 | 0 | 1 | 20 | 124 | 136.00 | 0 | 0 |
Philosophy | 0 | 2 | 1 | 0 | 15 | 115 | 117.50 | 0 | 0 |
Social Science | 0 | 2 | 1 | 0 | 15 | 80 | 80.00 | 0 | 1 |
History - Other History | 0 | 2 | 2 | 1 | 10 | 73 | 91.00 | 0 | 1 |
Literature - British Literature | 0 | 1 | 0 | 0 | 10 | 101 | 101.00 | 0 | 0 |
Science - Physics | 0 | 1 | 0 | 0 | 10 | 121 | 121.00 | 0 | 1 |
Science - Other Science | 0 | 1 | 0 | 0 | 10 | 137 | 137.00 | 0 | 0 |
Science - Biology | 0 | 1 | 0 | 0 | 10 | 53 | 53.00 | 0 | 1 |
Science - Chemistry | 0 | 1 | 0 | 0 | 10 | 63 | 63.00 | 1 | 1 |
Pop Culture | 0 | 1 | 0 | 0 | 10 | 137 | 137.00 | 0 | 0 |
Fine Arts - Classical Music | 0 | 1 | 1 | 1 | 5 | 121 | 121.00 | 0 | 0 |
Fine Arts - Visual Fine Arts | 0 | 1 | 1 | 1 | 5 | 134 | 134.00 | 0 | 0 |
History - World History | 0 | 1 | 1 | 1 | 5 | 119 | 119.00 | 0 | 0 |
Other Academic | 0 | 0 | 0 | 0 | 0 | 0.00 | 0 | 0 | |
Literature - World/Other Literature | 0 | 0 | 1 | 0 | -5 | 0.00 | 0 | 0 | |
History - American History | 0 | 0 | 1 | 0 | -5 | 0.00 | 0 | 0 | |
Fine Arts - Other Fine Arts | 0 | 0 | 1 | 0 | -5 | 0.00 | 0 | 0 |